Zobrané spisy

Uložené v:
Podrobná bibliografia
Hlavný autor: Lenin, Vladimir Il'jič
Médium: Kniha
Jazyk:Slovak
Vydavateľské údaje: Bratislava Pravda 1981
Vydanie:2. vyd.
Tagy: Pridať tag
Žiadne tagy, Buďte prvý, kto otaguje tento záznam!

MARC

LEADER 00000nam a2200000 4500
001 c142715
005 20250523075732.1
041 0 |a slo 
044 |a SK 
245 1 0 |a Zobrané spisy  |c Vladimír Il'jič Lenin 
250 |a 2. vyd. 
264 1 |a Bratislava  |b Pravda  |c 1981 
300 |a 679 s. 
100 1 |a Lenin, Vladimir Il'jič